00332nam a2200133 a 4500008004100000020001500041050001700056100001600073245001900089260002800108300002200136350000900158500003100167120416s1984 ||||||||||||||||| || u a019877107X aHB 172.5 Art aArtis, M. J10aMacroeconomics aOxfordbClarendonc1984 axiv, 238p. : ill. a0.00 a55 copies in SB Department